| 000 | 00901nam a2200253 a 4500 | ||
|---|---|---|---|
| 003 | OSt | ||
| 005 | 20130703164327.0 | ||
| 008 | 130703s1995 sz ||||| |||| 00| 0 spa d | ||
| 020 | _a92 4 320853 5 | ||
| 040 | _cBiblioteca Medicina | ||
| 041 | _aspa | ||
| 082 | _aOMS IT 853 | ||
| 110 |
_aOrganizacion Mundial de la Salud _91006 |
||
| 245 | 0 | 0 |
_aEpidemiologia y prevencion de las enfermedades cardiovasculares en los ancianos. _bInforme de un Grupo de Estudio de la OMS |
| 250 | _a1° ed. | ||
| 260 |
_aGinebra _bOrganizacion Mundial de la Salud _c1995 |
||
| 300 | _a82 p. | ||
| 440 | 0 | 0 |
_aInformes Tecnicos _n853 _92489 |
| 653 | _aENFERMEDADES CARDIOVASCULARES-EPIDEMIOLOGIA | ||
| 653 | _aANCIANOS | ||
| 653 | _aENFERMEDADES CARDIOVASCULARES-PREVENCION Y CONTROL | ||
| 942 |
_2ddc _cPH |
||
| 999 |
_c1556 _d1556 |
||
| 952 |
_pH0075 _40 _00 _bBFM _10 _oOMS IT 853 _d2013-07-03 _tEj. 1 _8NFIC _70 _cCR _2ddc _yPH _aBFM |
||